000 00425 a2200157 4500
999 _c320956
_d320956
001 85883
003 NUST
005 20180121171601.0
008 180121b xxu||||| |||| 00| 0 eng d
020 _a1558151273
082 _a343.8208 ICS
100 _aICS Press
_99366
245 _aRegulations and stagnation : the case of Argentina: executive summary
_hEnglish
250 _a1st
260 _aSan Francisco
_bICS Press
_c1990
300 _a24 p
500 _aGifted By AM Masood Akhtar
942 _acaenust
_cBK
_k343.8208 ICS
_2ddc